|
|
|
|
| LEADER |
01291nam a2200289 a 4500 |
| 001 |
1485 |
| 003 |
BD-DhAAL |
| 005 |
20150422123611.0 |
| 008 |
150422s1990 nyua b 001 0 eng |
| 010 |
|
|
|a 89012443
|
| 020 |
|
|
|a 0070203741
|
| 020 |
|
|
|a 007020375X (instructor's manual)
|
| 040 |
|
|
|a DLC
|c DLC
|d DLC
|d BD-DhAAL
|
| 050 |
0 |
0 |
|a HV91
|b .F37 1990
|
| 082 |
0 |
0 |
|a 361.973
|2 20
|
| 100 |
1 |
|
|a Federico, Ronald C.
|9 10607
|
| 245 |
1 |
0 |
|a Social welfare in today's world /
|c Ronald C. Federico.
|
| 260 |
|
|
|a New York :
|b McGraw-Hill,
|c c1990.
|
| 300 |
|
|
|a xix, 331 p. :
|b ill. ;
|c 24 cm.
|
| 504 |
|
|
|a Includes bibliographical references and index.
|
| 541 |
|
|
|e 1485
|
| 650 |
|
0 |
|a Human services
|x Cross-cultural studies.
|9 10608
|
| 942 |
|
|
|2 ddc
|c BK
|
| 999 |
|
|
|c 34288
|d 34288
|
| 952 |
|
|
|0 0
|1 0
|2 ddc
|4 0
|6 361_973000000000000_FED
|7 0
|9 53531
|a SCL
|b SCL
|c GEN
|d 2015-04-22
|e Gift: The Asia Foundation
|l 0
|o 361.973 FED
|p 3020001485
|r 2015-04-22
|t 1
|w 2015-04-22
|y BK
|
| 952 |
|
|
|0 0
|1 0
|2 ddc
|4 0
|6 361_973000000000000_FED
|7 0
|9 53532
|a SCL
|b SCL
|c GEN
|d 2015-04-22
|e Gift: The Asia Foundation
|l 0
|o 361.973 FED
|p 3020000308
|r 2015-04-22
|t 2
|w 2015-04-22
|y BK
|
| 952 |
|
|
|0 0
|1 0
|2 ddc
|4 0
|6 361_973000000000000_FED
|7 0
|9 53533
|a SCL
|b SCL
|c GEN
|d 2015-04-22
|e Gift: The Asia Foundation
|l 0
|o 361.973 FED
|p 3020000114
|r 2015-04-22
|t 3
|w 2015-04-22
|y BK
|